Normal view
MARC view
Entry Topical Term
001 - CONTROL NUMBER
- control field: 55620
003 - CONTROL NUMBER IDENTIFIER
- control field: OSt
005 - DATE AND TIME OF LATEST TRANSACTION
- control field: 20250724103832.0
008 - FIXED-LENGTH DATA ELEMENTS
- fixed length control field: 250724|| aca||aabn | a|a d
040 ## - CATALOGING SOURCE
- Original cataloging agency: OSt
- Transcribing agency: OSt
150 ## - HEADING--TOPICAL TERM
- Topical term or geographic name entry element: Bene Israel, Indian Jews, Aden, Diasporas, British India.
670 ## - SOURCE DATA FOUND
- Source citation: Work cat.: (OSt): Weil, Shalva 55619, Oscillating diasporas, shifting identities: Bene Israel Indian Jews in Aden, 1839–1967
